| 000 | 00465nam a2200181Ia 4500 | ||
|---|---|---|---|
| 001 | 16917 | ||
| 005 | 20260306170346.0 | ||
| 008 | 260306t2007||||xx |||||||||||||| ||und|| | ||
| 041 | _aESP | ||
| 082 |
_a657.3 _bI52 2007 |
||
| 100 |
_aEstudio Caballero Bustamante _eAUT |
||
| 245 | 0 |
_aDinĂ¡mica de las cuentas del balance general: _bactivo, pasivo y patrimonio |
|
| 260 | _c2007 | ||
| 300 |
_a _c |
||
| 650 | _aGEN | ||
| 654 | _aCCO | ||
| 942 |
_cLIB _dJUS _fJUS _2ddc _n |
||
| 999 |
_c16917 _d16917 |
||